000 00447nam a22001697a 4500
003 OSt
008 260416b |||||||| |||| 00| 0 eng d
082 _a633.6193
_bR14S
100 _aKumar, Rajib
245 _aStudies on Wild Disease of Sugarcane and Its Management
260 _aPusa, Samastipur
_bRAU, Pusa, Plant Pathology
_c2008
300 _a58P.
502 _bMsc.
_d2008
650 _aPlant Pathology
650 _aMsc.
942 _2ddc
_cT
999 _c50071
_d50071